Los procesos en el sistema jurd̕ico peruano

Detalles Bibliográficos
Autor principal: Castillo Cr̤dova, Luis
Formato: eBook
Lenguaje:español
Publicado: Lima: Palestra Editores, 2020
Materias:
Acceso en línea:Acceso restringido

MARC

LEADER 00000nam a22000007a 4500
005 20220818224340.0
007 cr|||| ||||
008 220818s2020 pe |||||s|||| 00||0 spa d
020 |a 9786123251161 
035 |a 36887 
040 |a vLex 
090 |c 13753  |d 13753 
100 1 |a Castillo Cr̤dova, Luis 
245 1 3 |a Los procesos en el sistema jurd̕ico peruano  |h [Recurso electrn̤ico] /  |c Luis Castillo Cr̤dova 
256 |a Servicio en ln̕ea 
260 |a Lima:  |b Palestra Editores,  |c 2020 
300 |a 1 recurso electrn̤ico 
500 |a Los procesos en el sistema jurd̕ico peruano, ren︢e en una sola obra la descripcin̤ de las principales reglas procesales y el planteamiento y solucin̤ de las ms̀ relevantes cuestiones formales y materiales que se pueden formular en torno a los distintos procesos existentes en el sistema jurd̕ico peruano. Esta obra naci ̤con la finalidad de poner a disposicin̤ de la comunidad jurd̕ica interesada en los distintos tipos de procesos, un instrumento ter̤ico y prc̀tico que contribuya decididamente no solo a un mejor entendimiento de los procesos mismos, sino tambiň a una mejor prc̀tica procesal, en beneficio directo de los derechos subjetivos a los que sirven tales procesos. 
506 1 |a Disponible solo en los productos indicados  |d vLex Global  |d vLex Global (Academic Edition, excluding Law Schools)  |d vLex Global (U.S. Academic Edition, Law Schools)  |d vLex Global (U.S. Academic Edition, excluding Law Schools)  |d vLex Global (Academic Edition, Law Schools) 
650 0 4 |a Derecho Procesal  |z Per︢ 
740 0 |a vLex Libros (Servicio en ln̕ea) 
856 4 0 |u https://app.vlex.com/#/sources/36887  |z Acceso restringido 
942 |c BOOK 
999 0 |a Procedural law